00266nam a22000977a 4500008004100000082002200041110004400063245002400107260002800131300000900159230620b xxu||||| |||| 00| 0 eng d a322.420bSWA 1981 bDepartment of Information and Publicity aTo Be Born a Nation aLondonbZed Pressc1981 a357p